000 00645nam a22001817a 4500
003 UA-OsUOA
001 17576
007 ta
008 20040316b un ||||| |||| 00| 0 ukr d
100 _aПлахтина Я.
942 _cSA
040 _aUA-OsUOA
_cUA-OsUOA
_dUA-OsUOA
245 _a"Я можу сміливо дивитися у вічі тим , хто придбав меблі "Олісма"
_b[Про ТзОв " Олісма" розповідає його дир. Я.М.Плахтін]
300 _aС.8-9
955 _a0
773 0 _w0
_tІмідж
_dРівне
_d2004
_g№3/Лют./
650 7 _aКраєзнавча робота
_2UDC
999 _c303744
_d303744